<?xml version="1.0" encoding="UTF-8"?>
<collection xmlns="http://www.loc.gov/MARC21/slim">
 <record>
  <leader>01155pamaa2200229   4500</leader>
  <controlfield tag="001">0000051013</controlfield>
  <controlfield tag="005">20130221090000.0</controlfield>
  <controlfield tag="008">130221                             eng  </controlfield>
  <datafield tag="020" ind1="0" ind2="0">
   <subfield code="a">9780007467976 (pbk.) </subfield>
  </datafield>
  <datafield tag="090" ind1="0" ind2="0">
   <subfield code="a">BF576 </subfield>
   <subfield code="b">TAN 2012</subfield>
  </datafield>
  <datafield tag="100" ind1="1" ind2="0">
   <subfield code="a">Tan Chade-Meng </subfield>
  </datafield>
  <datafield tag="245" ind1="1" ind2="0">
   <subfield code="a">Search inside yourself : </subfield>
   <subfield code="b">increase productivity, creativity and happiness  </subfield>
   <subfield code="c">Chade-Meng Tan; </subfield>
   <subfield code="f">illustrations by Colin Goh.</subfield>
  </datafield>
  <datafield tag="260" ind1="0" ind2="0">
   <subfield code="a">New York: </subfield>
   <subfield code="b">HarperOne, </subfield>
   <subfield code="c">2012.</subfield>
  </datafield>
  <datafield tag="300" ind1=" " ind2=" ">
   <subfield code="a">xvi, 268 p.: </subfield>
   <subfield code="b">ill.; </subfield>
   <subfield code="c">24 cm.</subfield>
  </datafield>
  <datafield tag="501" ind1="0" ind2="0">
   <subfield code="a">Library</subfield>
  </datafield>
  <datafield tag="505" ind1="0" ind2="0">
   <subfield code="a">Even an engineer can thrive on emotional intelligence -- Breathing as if your life depends on it -- Mindfulness without butt on cushion -- All-natural, organic self-confidence -- Riding your emotions like a horse -- Making profits, rowing across oceans, and changing the world -- Empathy and the monkey business of brain tangos -- Being effective and loved at the same time -- Three easy steps to world peace</subfield>
  </datafield>
  <datafield tag="650" ind1="0" ind2="0">
   <subfield code="a">Emotional intelligence. </subfield>
  </datafield>
  <datafield tag="650" ind1="0" ind2="0">
   <subfield code="a">Self-confidence. </subfield>
  </datafield>
  <datafield tag="650" ind1="0" ind2="0">
   <subfield code="a">Creative ability. </subfield>
  </datafield>
  <datafield tag="650" ind1="0" ind2="0">
   <subfield code="a">Mindfulness-based cognitive therapy. </subfield>
  </datafield>
  <datafield tag="650" ind1="0" ind2="0">
   <subfield code="a">Happiness. </subfield>
  </datafield>
  <datafield tag="901" ind1=" " ind2=" ">
   <subfield code="u">http://www.harpercollins.co.uk</subfield>
  </datafield>
 </record>
</collection>
